000 00683nam a2200241 i 4500
001 13783
003 ES-MaACL
005 20231129062932.0
007 t|
008 980703s1998 sp ||||1| spa d
020 _a84-8374-030-3
040 _cES-MaACL
080 _a821.134.2-14"19"
100 1 _aRodríguez Cañada, Basilio,
_d1961-
_998405
_eaut
245 1 3 _aLa fuente de jade /
_cBasilio Rodríguez Cañada.
250 _a1ª ed.
260 _aMadrid :
_bHuerga & Fierro,
_c1998.
300 _a88 páginas ;
_c22 cm.
852 _aES-MaACL
_jL-21107
_bR.126689
942 _cMONOGRAFIA
_n0
999 _c13783
_d13783